000 00574nam a2200241 a 4500
001 nice12345678
003 IN_TiNIC
005 20260116011810.0
008 050524s1957 hyda grp 000 0 urd
020 _a
_c1
082 0 0 _a294.5924
_bAHM
100 _aAhmad, Hasanuddin
245 _aShrimad Bhagwat Gita
260 _aHyderabad
_bMatba Ibrahimiyya
_c1957
300 _a160p
500 _aincludes index and biblioraphy
505 2 _aAppendix
650 _aBhagavad Gita
700 1 _aAhmad, Hasanuddin
902 _bSRS
942 _cBK
999 _c4049
_d4049